000 00634 a2200253 4500
003 DLC
005 20260401103900.0
008 2022s2022 xx 000 0 eng d
020 _a9780702080289
040 _aDLC
_beng
050 4 _aRT120.F3 W45 2022
082 0 4 _a610.73
100 1 _aWelsh, Marion
_eauthor.
245 1 0 _aPractical General Practice Nursing
_cWelsh, Marion.
264 1 _bElsevier
_c2022
300 _ax, 246p. : ill.
336 _2CC
338 _2CC
650 0 _aFamily nursing
650 0 _aPrimary nursing
650 0 _aCommunity health nursing
650 0 _aNurse practitioners
942 _2lcc
_cBK
999 _c44212
_d44212